| 000 | 00725nam a2200217Ii 4500 | ||
|---|---|---|---|
| 003 | JO-AjNU | ||
| 008 | 230605s9999||||xx |||||||||||||| ||und|| | ||
| 017 | _a2000/4/1505 | ||
| 040 |
_aJO-AjNU _bara _erda _cJO-AjNU |
||
| 041 | _aara | ||
| 050 | 1 | 4 | _aPJ7814.N27.A16 2001 |
| 100 | 3 |
_aتأليف عناني،عمر, _eauthor _916658 |
|
| 245 | 0 | 0 | _aضرب المكانس: سمر البادية من يوميات معلم في البادية |
| 250 | _aط2 | ||
| 264 | 3 | 1 | _aعمان:دار وائل،2001 |
| 300 | _a128ص | ||
| 336 |
_atext _btxt _2rdacontent |
||
| 337 |
_aunmediated _bn _2rdamedia |
||
| 338 |
_avolume _bnc _2rdacarrier |
||
| 650 | 4 |
_aالشعر العربي - العصر الحديث - الأردن _916659 |
|
| 999 |
_aA4986 _c8554 _d8554 |
||